00198nam a22000857a 4500008004100000020002200041100001300063245002800076300000800104140529t xxu||||| |||| 00| 0 eng d a978-81-8356-549-3 aM. Yadav aTextbook of Cryobiology a262